Statistics for Top 10 most important and famous people from Perù, Ecuador and Bolivia

Click here to take the quiz!

General Stats

  • This quiz has been taken 14 times
  • The average score is 4 of 10

Answer Stats

HintAnswer% Correct
Peruvian of Japanese descent who was President of Peru from 1990 to 2000. Frequently described as a dictatorAlberto Fujimori
79%
President of Bolivia from 2006 to 2019. Widely regarded as the country's first president to come from indigenous populationEvo Morales
64%
Peruvian politician and writer, author of The Time of the Hero, The Green House and Conversation in the CathedralMario Vargas Llosa
43%
Ecuadorian footballer, who played in Manchester UnitedAntonio Valencia
36%
Peruvian diplomat and politician who served as the fifth Secretary-General of the United Nations from 1982 to 1991Javier Pérez de Cuéllar
36%
President of Ecuador from 2007 to 2017. Democratic socialist, his administration focused on the implementation of left-wing policiesRafael Correa
36%
Bolivian president from 1971 to 1978 in a military dictatorship and then again from 1997 to 2001, as a democratically elected presidentHugo Banzer
29%
Ecuadorian revolutionary heroine of South America, she has an intimate relationship with Simón BolívarManuela Sáenz
21%
Scientist and writer, he stands out as a polemicist who inspired the separatist movement in Ecuador. He is regarded as one of the most important figures in colonial EcuadorEugenio Espejo
7%
Peruvian naval officer and hero of the naval battle of Angamos during the War of the Pacific, considered a national heroMiguel Grau Seminario
7%

Score Distribution

Percentile by Number Answered

Percent of People with Each Score

Your Score History

You have not taken this quiz